|
|
|
|
| LEADER |
00629nam a22002052a 4500 |
| 001 |
001442361 |
| 003 |
CZ BrMZK |
| 005 |
20150518134449.0 |
| 007 |
ta |
| 008 |
141208s1954 gw er|||||||||||ger d |
| 040 |
|
|
|a ABA001
|b cze
|d BOA001
|
| 100 |
1 |
|
|a König, Karla
|4 aut
|
| 245 |
1 |
4 |
|a Die unvergängliche Kette :
|b Anekdoten und kleine Geschichten /
|c von Karla König
|
| 260 |
|
|
|a Schwerin :
|b Petermänken,
|c 1954
|
| 300 |
|
|
|a 280 s.
|
| 504 |
|
|
|a Obsahuje bibliografii
|
| 910 |
|
|
|a BOA001
|b 2-0359.765
|
| 990 |
|
|
|a BK
|
| 991 |
|
|
|b 201412
|
| 996 |
7 |
|
|b 2618929396
|c 2-0359.765
|l MZK
|r Sklad / do 24 hodin
|n 0
|w 001477362
|u 000010
|a 1
|e BOA001
|j MZK50
|s A
|